000 00289nam a22001217a 4500
003 OSt
005 20170105105202.0
008 140910b xxu||||| |||| 00| 0 eng d
040 _benglish
050 _a005.1
_b35000
245 _aintroduction to bibliography
_ckumar, krishan
942 _2ddc
_cBK
999 _c24722
_d24722